书目信息 |
| 题名: |
道路与桥梁工程概论
|
|
| 作者: | 苏志忠 编著 | |
| 分册: | ||
| 出版信息: | 北京 人民交通出版社股份有限公司 2017.1 |
|
| 页数: | 275页 | |
| 开本: | 26cm | |
| 丛书名: | ||
| 单 册: | ||
| 中图分类: | U41 , U44 | |
| 科图分类: | ||
| 主题词: | 道路工程--dao lu gong cheng--高等教育--教材 , 桥梁工程--qiao liang gong cheng--高等教育--教材 | |
| 电子资源: | ||
| ISBN: | 978-7-114-13584-2 | |
| 000 | 01116nam0 2200277 450 | |
| 001 | 2156756277 | |
| 005 | 20211108155611.36 | |
| 010 | @a978-7-114-13584-2@dCNY49.00 | |
| 100 | @a20181129d2017 em y0chiy50 ea | |
| 101 | 0 | @achi |
| 102 | @aCN@b110000 | |
| 105 | @aa z 000yy | |
| 106 | @ar | |
| 200 | 1 | @a道路与桥梁工程概论@Adao lu yu qiao liang gong cheng gai lun@f苏志忠编著 |
| 205 | @a2版 | |
| 210 | @a北京@c人民交通出版社股份有限公司@d2017.1 | |
| 215 | @a275页@c图@d26cm | |
| 300 | @a普通高等教育规划教材 | |
| 330 | @a本书为普通高等教育规划教材。主要内容包括:绪论,线路平面线形设计,纵断面设计,横断面设计,选线与定线,公路交叉设计,高速公路简介,生态型道路工程设计理念,路基,路基路面排水,挡土墙,土质路基施工及质量控制,路面工程,路面施工及质量控制,桥梁的基本组成和分类,桥梁的设计荷载,桥梁总体设计要点。 | |
| 606 | 0 | @a道路工程@Adao lu gong cheng@x高等教育@j教材 |
| 606 | 0 | @a桥梁工程@Aqiao liang gong cheng@x高等教育@j教材 |
| 690 | @aU41@v5 | |
| 690 | @aU44@v5 | |
| 701 | 0 | @a苏志忠@Asu zhi zhong@f(1958~)@4编著 |
| 801 | 0 | @aCN@b百万庄@c20211108 |
| 905 | @b1314016-19@dU41@e1105=2@f4 | |
| 道路与桥梁工程概论/苏志忠编著.-2版.-北京:人民交通出版社股份有限公司,2017.1 |
| 275页:图;26cm |
| 普通高等教育规划教材 |
| ISBN 978-7-114-13584-2:CNY49.00 |
| 本书为普通高等教育规划教材。主要内容包括:绪论,线路平面线形设计,纵断面设计,横断面设计,选线与定线,公路交叉设计,高速公路简介,生态型道路工程设计理念,路基,路基路面排水,挡土墙,土质路基施工及质量控制,路面工程,路面施工及质量控制,桥梁的基本组成和分类,桥梁的设计荷载,桥梁总体设计要点。 |
| ● |
| 相关链接 |
|
|
|
|
正题名:道路与桥梁工程概论
索取号:U41/1105=2
 
预约/预借
| 序号 | 登录号 | 条形码 | 馆藏地/架位号 | 状态 | 备注 |
| 1 | 1314016 | 213140162 | 第二样本阅览室/ [索取号:U41/1105=2] | 在馆 | |
| 2 | 1314017 | 213140171 | 第三借阅区/ [索取号:U41/1105=2] | 在馆 | |
| 3 | 1314018 | 213140180 | 第三借阅区/ [索取号:U41/1105=2] | 在馆 | |
| 4 | 1314019 | 213140199 | 第三借阅区/ [索取号:U41/1105=2] | 在馆 |